|
|
|
|
| LEADER |
00000cas a2200000 a 4500 |
| 001 |
vtls008158786 |
| 003 |
SK-MaSNL |
| 005 |
20260228162102.0 |
| 008 |
050607c19999999xo zx|p 0 b0slo |
| 022 |
|
|
|a 1339-4452
|
| 040 |
|
|
|a SNK
|b slo
|c SNK
|e AACR2
|
| 041 |
0 |
|
|a slo
|
| 043 |
|
|
|a e-xo---
|
| 044 |
|
|
|a xo
|c SK
|
| 072 |
|
7 |
|a 271/279
|x Kresťanské cirkvi, sekty, denominácie
|2 konspekt
|
| 072 |
|
7 |
|a 27-4
|x Praktická teológia. Morálna teológia
|2 konspekt
|
| 080 |
|
|
|a 274/278-1/-9
|2 2001
|
| 080 |
|
|
|a 2(051)
|2 2011
|
| 080 |
|
|
|a (437.6)
|2 2011
|
| 080 |
|
|
|a 27-4
|2 2011
|
| 080 |
|
|
|a 050
|2 2011
|
| 210 |
0 |
|
|a Trenč. evanj.
|
| 222 |
|
0 |
|a Trenčiansky evanjelik
|
| 245 |
0 |
0 |
|a Trenčiansky evanjelik
|
| 260 |
|
|
|a Trenčín
|b Cirkevný zbor Evanjelickej cirkvi augsburského vyznania
|c 1999-
|
| 300 |
|
|
|a zv.
|c 30-31 cm
|
| 310 |
|
|
|a Občasník
|
| 362 |
0 |
|
|a Roč. I, č. 1 (1999)-
|z Internet
|
| 500 |
|
|
|a Popis podľa: Roč. I, č. 3 (1999)
|
| 500 |
|
|
|a Podnázov v tiráži: občasník trenčianskych evanjelikov augsburského vyznania
|
| 500 |
|
|
|a Reg. č.: A 99/05717-PT 1
|
| 500 |
|
|
|a Zodp. red.: 1999- , Ján Bunčák
|
| 500 |
|
|
|a Evidenčné číslo: EV 3051/09
|
| 500 |
|
|
|a Od r. 2004 rozmer zv. 30 cm
|
| 650 |
0 |
7 |
|a evanjelické náboženstvo
|2 SNKPH
|9 4015
|
| 650 |
0 |
7 |
|a cirkevný život
|2 SNKPH
|9 75120
|
| 651 |
|
7 |
|a Trenčín (Slovensko)
|2 SNKPH
|9 159956
|
| 655 |
|
7 |
|a náboženské časopisy
|2 SNKPH
|9 70790
|
| 700 |
1 |
|
|a Bunčák, Ján,
|d 1964-
|4 lso
|9 38786
|
| 710 |
2 |
|
|a Evanjelická cirkev a.v.
|b Cirkevný zbor (Trenčín, Slovensko)
|4 pbl
|9 36579
|
| 856 |
4 |
0 |
|u http://www.ecav-trencin.eu/index.php?page=zborovy_casopis
|
| 910 |
|
|
|a snk
|
| 999 |
|
|
|c 6763
|d 8693
|
| 952 |
|
|
|0 0
|1 0
|4 0
|7 0
|8 0
|a SNK
|b SNK
|d 2007-06-13
|i snk2007/15205
|l 0
|o snkČSB 5410/1/1999
|p 17A0477984
|r 2026-02-21 20:15:56
|t č. 1-3, neúplné
|w 2026-02-21
|y PREZ
|z Chýba č. 1, 2 (dostupné v PDF formáte)
|
| 952 |
|
|
|0 0
|1 0
|4 0
|7 0
|8 0
|a SNK
|b SNK
|d 2007-06-13
|i snk2007/15206
|l 0
|o snkČSB 5410/2/2000
|p 17A0477985
|r 2026-02-21 20:20:17
|t č. 1-3
|w 2026-02-21
|y PREZ
|
| 952 |
|
|
|0 0
|1 0
|4 0
|7 0
|8 0
|a SNK
|b SNK
|d 2007-06-13
|i snk2007/15207
|l 0
|o snkČSB 5410/3/2001
|p 17A0477986
|r 2026-02-21 20:20:17
|t č. 1-3, neúplné
|w 2026-02-21
|y PREZ
|z Chýba č. 1, 3 (dostupné v PDF formáte)
|
| 952 |
|
|
|0 0
|1 0
|4 0
|7 0
|8 0
|a SNK
|b SNK
|d 2007-06-13
|i snk2007/15210
|l 0
|o snkČSB 5410/4/2002
|p 17A0477987
|r 2026-02-21 20:20:17
|t č. 1-3, neúplné
|w 2026-02-21
|y PREZ
|z Chýba č. 2, 3 (dostupné v PDF formáte)
|
| 952 |
|
|
|0 0
|1 0
|4 0
|7 0
|8 0
|a SNK
|b SNK
|d 2007-06-13
|i snk2007/15211
|l 0
|o snkČSB 5410/5/2003
|p 17A0477988
|r 2026-02-21 20:20:17
|t č. 1-3, neúplné
|w 2026-02-21
|y PREZ
|z Chýba č. 3 (dostupné v PDF formáte)
|
| 952 |
|
|
|0 0
|1 0
|4 0
|7 0
|8 0
|a SNK
|b SNK
|d 2007-06-13
|i snk2007/15212
|l 0
|o snkČSB 5410/6/2004
|p 17A0477989
|r 2026-02-21 20:20:17
|t č. 1-3, neúplné
|w 2026-02-21
|y PREZ
|z Chýba č. 3 (dostupné v PDF formáte)
|
| 952 |
|
|
|0 0
|1 0
|4 0
|7 0
|8 0
|a SNK
|b SNK
|d 2017-10-23
|i snk2017/23218
|l 0
|o snkČSB 5410/7/2005
|p 17A1264865
|r 2026-02-21 22:04:53
|t č. 1-4, neúplné
|w 2026-02-21
|y PREZ
|z Chýba č. 1, 4 (dostupné v PDF formáte)
|
| 952 |
|
|
|0 0
|1 0
|4 0
|7 0
|8 0
|a SNK
|b SNK
|d 2017-10-23
|i snk2017/23218
|l 0
|o snkČSB 5410/8/2006
|p 17A1264866
|r 2026-02-21 22:04:53
|t č. 1-3, neúplné
|w 2026-02-21
|y PREZ
|z Chýba č. 1-2 (dostupné v PDF formáte)
|
| 952 |
|
|
|0 0
|1 0
|4 0
|7 0
|8 0
|a SNK
|b SNK
|d 2017-10-23
|i snk2017/23218
|l 0
|o snkČSB 5410/9/2007
|p 17A1264867
|r 2026-02-21 22:04:53
|t č. 1-3, neúplné
|w 2026-02-21
|y PREZ
|z Chýba č. 1, 3 (dostupné v PDF formáte)
|
| 952 |
|
|
|0 0
|1 0
|4 0
|7 0
|8 0
|a SNK
|b SNK
|d 2017-10-25
|i snk2017/23437
|l 0
|o snkČSB 5410/18/2016
|p 17A1264868
|r 2026-02-21 22:04:56
|t č. 1-3, neúplné
|w 2026-02-21
|y PREZ
|z Chýba č. 1-2 (dostupné v PDF formáte)
|